00754nam a2200169 a 450000100100000000500170001000800410002704000250006808200150009324500670010826000950017530000270027070000430029795201130034095201140045399900170056700004522120201002045958.0150211s1986 dr a 000 0 spa d aDO-SdBNPbspacBNPHU axxxxbxxxx00aCascanueces y los niños /cpresentacion Diógenes Váldez. aSanto Domingo :bComisión Organizadora Permanente de la Feria Nacional del Libro,c1986. a31 p. :bil. ;c27 cm.12aVáldez, Diógenes,epresent.922958 0010718PDaPDbPDcHDd2015-02-11iLF1l0oxxxx xxxxp45221-10r2020-06-25w2020-06-25yLFPDZNo se presta 00107-18PDaPDbPDcOId2015-02-11iLF1l0oxxxx xxxxp45222-10r2020-06-25w2020-06-25yLFPDZNo se presta c44710d44710